Republic of Uzbekistan : 2008 Article IV Consultation-Staff Report; Public Information Notice on the Executive Board Discussion; and Statement by the Executive Director for the Republic of Uzbekistan.

This 2008 Article IV Consultation highlights that the Uzbek economy has performed well in recent years. The favorable external environment and improvements in macroeconomic policies resulted in high growth rates, large current account surpluses, a significant decline in the debt burden, and a more t...

Descripció completa

Dades bibliogràfiques
Autor corporatiu: International Monetary Fund
Format: Revista
Idioma:English
Publicat: Washington, D.C. : International Monetary Fund, 2008.
Col·lecció:IMF Staff Country Reports; Country Report ; No. 2008/235
Accés en línia:Full text available on IMF
LEADER 01761cas a2200241 a 4500
001 AALejournalIMF005251
008 230101c9999 xx r poo 0 0eng d
020 |c 5.00 USD 
020 |z 9781451839852 
022 |a 1934-7685 
040 |a BD-DhAAL  |c BD-DhAAL 
110 2 |a International Monetary Fund. 
245 1 0 |a Republic of Uzbekistan :   |b 2008 Article IV Consultation-Staff Report; Public Information Notice on the Executive Board Discussion; and Statement by the Executive Director for the Republic of Uzbekistan. 
264 1 |a Washington, D.C. :  |b International Monetary Fund,  |c 2008. 
300 |a 1 online resource (50 pages) 
490 1 |a IMF Staff Country Reports 
500 |a <strong>Off-Campus Access:</strong> No User ID or Password Required 
500 |a <strong>On-Campus Access:</strong> No User ID or Password Required 
506 |a Electronic access restricted to authorized BRAC University faculty, staff and students 
520 3 |a This 2008 Article IV Consultation highlights that the Uzbek economy has performed well in recent years. The favorable external environment and improvements in macroeconomic policies resulted in high growth rates, large current account surpluses, a significant decline in the debt burden, and a more than quadrupling of foreign exchange reserves from 2003 to 2007. Executive Directors have commended the authorities for Uzbekistan's continued strong economic performance, which has benefited from a generally favorable external environment and an improved policy framework. 
538 |a Mode of access: Internet 
830 0 |a IMF Staff Country Reports; Country Report ;  |v No. 2008/235 
856 4 0 |z Full text available on IMF  |u http://elibrary.imf.org/view/journals/002/2008/235/002.2008.issue-235-en.xml  |z IMF e-Library